000 00320nam a2200133Ia 4500
005 20251222155102.0
008 251222s9999||||xx |||||||||||||| ||spa||
082 _aREL.60.8
100 _aMENDOZA,Alcides.
245 0 _aEl Corazón fuente de reconciliación
250 _a1ra. ed.
264 _bNo tiene
942 _cLIB
999 _c37707
_d37707